A history of Japan : (Record no. 193)
| 000 -LEADER | |
|---|---|
| fixed length control field | 01170cam a22003134a 4500 |
| 001 - CONTROL NUMBER | |
| control field | 13533790 |
| 003 - CONTROL NUMBER IDENTIFIER | |
| control field | OSt |
| 005 - DATE AND TIME OF LATEST TRANSACTION | |
| control field | 20140116120821.0 |
| 008 - FIXED-LENGTH DATA ELEMENTS--GENERAL INFORMATION | |
| fixed length control field | 040323s2004 nyu b 001 0 eng |
| 010 ## - LIBRARY OF CONGRESS CONTROL NUMBER | |
| LC control number | 2004044685 |
| 020 ## - INTERNATIONAL STANDARD BOOK NUMBER | |
| International Standard Book Number | 9781403912725 |
| 040 ## - CATALOGING SOURCE | |
| Original cataloging agency | DLC |
| Transcribing agency | DLC |
| Modifying agency | DLC |
| 042 ## - AUTHENTICATION CODE | |
| Authentication code | pcc |
| 043 ## - GEOGRAPHIC AREA CODE | |
| Geographic area code | a-ja--- |
| 050 00 - LIBRARY OF CONGRESS CALL NUMBER | |
| Classification number | DS835.H46 2004 |
| 100 1# - MAIN ENTRY--PERSONAL NAME | |
| Personal name | Henshall, Kenneth G. |
| 245 12 - TITLE STATEMENT | |
| Title | A history of Japan : |
| Remainder of title | from stone age to superpower / |
| Statement of responsibility, etc | Kenneth G. Henshall. |
| 250 ## - EDITION STATEMENT | |
| Edition statement | 2nd ed. |
| 260 ## - PUBLICATION, DISTRIBUTION, ETC. (IMPRINT) | |
| Place of publication, distribution, etc | New York : |
| Name of publisher, distributor, etc | Palgrave Macmillan, |
| Date of publication, distribution, etc | 2004. |
| 300 ## - PHYSICAL DESCRIPTION | |
| Extent | xiii, 264 p. ; |
| Dimensions | 22 cm. |
| 504 ## - BIBLIOGRAPHY, ETC. NOTE | |
| Bibliography, etc | Includes bibliographical references and index. |
| 651 #0 - SUBJECT ADDED ENTRY--GEOGRAPHIC NAME | |
| Geographic name | Japan |
| General subdivision | History. |
| 856 42 - ELECTRONIC LOCATION AND ACCESS | |
| Materials specified | Contributor biographical information |
| Uniform Resource Identifier | <a href="http://www.loc.gov/catdir/bios/hol051/2004044685.html">http://www.loc.gov/catdir/bios/hol051/2004044685.html</a> |
| 856 42 - ELECTRONIC LOCATION AND ACCESS | |
| Materials specified | Publisher description |
| Uniform Resource Identifier | <a href="http://www.loc.gov/catdir/description/hol053/2004044685.html">http://www.loc.gov/catdir/description/hol053/2004044685.html</a> |
| 856 41 - ELECTRONIC LOCATION AND ACCESS | |
| Materials specified | Table of contents |
| Uniform Resource Identifier | <a href="http://www.loc.gov/catdir/toc/hol052/2004044685.html">http://www.loc.gov/catdir/toc/hol052/2004044685.html</a> |
| 906 ## - LOCAL DATA ELEMENT F, LDF (RLIN) | |
| a | 7 |
| b | cbc |
| c | orignew |
| d | 1 |
| e | ocip |
| f | 20 |
| g | y-gencatlg |
| 942 ## - ADDED ENTRY ELEMENTS (KOHA) | |
| Source of classification or shelving scheme | |
| Koha item type | Book |
| Withdrawn status | Lost status | Source of classification or shelving scheme | Damaged status | Not for loan | Home library | Current library | Date acquired | Source of acquisition | Total Checkouts | Full call number | Barcode | Date last seen | Copy number | Price effective from | Koha item type |
|---|---|---|---|---|---|---|---|---|---|---|---|---|---|---|---|
| Riara University Library | Riara University Library | 11/10/2011 | Purchase | DS835.H46 2004 | 2318/11 | 11/10/2011 | C.1 | 11/10/2011 | Book | ||||||
| Riara University Library | Riara University Library | 11/10/2011 | Purchase | DS835.H46 2004 | 2316/11 | 11/10/2011 | C.2 | 11/10/2011 | Book | ||||||
| Riara University Library | Riara University Library | 11/10/2011 | Purchase | DS835.H46 2004 | 2317/11 | 11/10/2011 | C.3 | 11/10/2011 | Book |
